The Mughal aviary : women's writings in pre-modern India /

Detaylı Bibliyografya
Yazar: Huq, Sabiha
Materyal Türü: Kitap
Dil:English
Baskı/Yayın Bilgisi: Dhaka : The University Press Limited (UPL), 2022.
Konular:
Classic Catalogue: View this record in Classic Catalogue
LEADER 01893nam a22002777a 4500
001 41030
003 BD-DhAAL
005 20260223144330.0
008 230329t2022 bg ||||| b||| 001 0 eng d
020 |a 9789845063913 
040 |a BD-DhAAL  |d BD-DhAAL 
082 |a 891.55099287  |2 22 
100 |a Huq, Sabiha  |9 53928 
245 |a The Mughal aviary :  |b women's writings in pre-modern India /  |c Sabiha Huq. 
260 |a Dhaka :  |b The University Press Limited (UPL),  |c 2022. 
300 |a xxix, 217 pages ;  |c 22 cm. 
504 |a Includes bibliographical references and index. 
526 |a AAL ENH  |x Sabiha Huq, PhD Professor Department of English and Humanities BRAC University Course Name and No. : Thesis (ENG 698) 
541 |a The University Press Limited(UPL) Hye Trade International  |e 41030, 45364, 45365 
650 |a Persian literature  |x Women authors  |x History and criticism.  |9 53952 
852 |a Ayesha Abed Library  |c General Stacks 
942 |2 ddc  |c BK 
999 |c 45622  |d 45622 
952 |0 0  |1 0  |2 ddc  |4 0  |6 891_550992870000000_HUQ  |7 0  |9 73451  |a BRACUL  |b BRACUL  |c GEN  |d 2023-03-23  |e The University Press Limited(UPL)  |g 645.00  |l 3  |m 3  |o 891.55099287 HUQ  |p 3010041030  |r 2026-05-10  |s 2026-05-03  |t 1  |v 860.00  |w 2023-03-23  |y BK 
952 |0 0  |1 0  |2 ddc  |4 0  |6 891_550992870000000_HUQ  |7 0  |9 78787  |a BRACUL  |b BRACUL  |c GEN  |d 2026-01-29  |e Hye Trade International  |g 714.00  |l 0  |o 891.55099287 HUQ  |p 3010045365  |r 2026-01-29  |t 3  |v 1428.00  |w 2026-01-29  |y BK  |x Requisitioned by Sabiha Huq (Professor, Department of English and Humanities, BRAC University) for the course named- Thesis ‘’(ENG 698)’’ 
952 |0 0  |1 0  |2 ddc  |4 0  |6 891_550992870000000_HUQ  |7 0  |9 78788  |a BRACUL  |b BRACUL  |c NEW  |d 2026-01-29  |e Hye Trade International  |g 714.00  |l 0  |o 891.55099287 HUQ  |p 3010045364  |r 2026-01-29  |t 2  |v 1428.00  |w 2026-01-29  |y BK  |x Requisitioned by Sabiha Huq (Professor, Department of English and Humanities, BRAC University) for the course named- Thesis ‘’(ENG 698)’’